000
00341nam a2200145Ia 4500
008
240624s9999 xx 000 0 und d
041
_a
eng
082
_a
891.46 DES
100
_a
DESAI RANJIT
245
_a
SWAMI
250
_a
(23rd ed.)
260
_c
2002
_a
Pune
_b
Mehta Publishing House
300
_a
417 : p. : cm. ; 21
365
_c
RS
_b
20
999
_c
6883
_d
6883